Environmental Impact Of Civil Renovation In Residential Buildings - a Case Of Pune And Nasik (Record no. 361472)
[ view plain ]
| 000 -LEADER | |
|---|---|
| fixed length control field | 00314nam a2200097Ia 4500 |
| 008 - FIXED-LENGTH DATA ELEMENTS--GENERAL INFORMATION | |
| fixed length control field | 241105s9999 xx 000 0 und d |
| 041 ## - LANGUAGE CODE | |
| Language code of text/sound track or separate title | eng |
| 100 ## - MAIN ENTRY--PERSONAL NAME | |
| Personal name | Datar Tejaswini |
| 245 ## - TITLE STATEMENT | |
| Title | Environmental Impact Of Civil Renovation In Residential Buildings - a Case Of Pune And Nasik |
| 260 ## - PUBLICATION, DISTRIBUTION, ETC. (IMPRINT) | |
| Name of publisher, distributor, etc. | BNCA M Arch EA, Pune |
| Date of publication, distribution, etc. | 2017 |
No items available.